[Event "Lleida-ch U14"]
[Site "Vilanova de Segria"]
[Date "2012.01.21"]
[Round "2.2"]
[White "Caldero Lesan, Jordi"]
[Black "Cucurull Llovera, Guillem"]
[Result "0-1"]
[WhiteElo "1817"]
[BlackElo "1486"]
[PlyCount "57"]
[EventDate "2012.01.14"]
[EventType "swiss"]
[EventRounds "6"]
[EventCountry "ESP"]
[SourceTitle "EXT 2024"]
[Source "ChessBase"]
[SourceDate "2023.10.10"]
[SourceVersion "1"]
[SourceVersionDate "2023.10.10"]
[SourceQuality "1"]

1. d4 Nf6 2. Bf4 d5 3. Nf3 Bf5 4. e3 e6 5. c4 c5 6. Nc3 Nc6 7. dxc5 Bxc5 8. cxd5 exd5 9. Bb5 0-0 10. Bg5 d4 11. Nxd4 Nxd4 12. exd4 Qxd4 13. 0-0 Ne4 14. Nxe4 Bxe4 15. b3 a6 16. Qxd4 Bxd4 17. Rfe1 Bxa1 18. Rxe4 axb5 19. Re7 Rfe8 20. Rxe8+ Rxe8 21. f3 Re2 22. a3 Bd4+ 23. Kf1 Rf2+ 24. Ke1 Rxg2 25. Bf4 Rb2 26. b4 Ra2 27. Bc1 Rxh2 28. f4 Rh1+ 29. Kd2 0-1